| 000 | 00715cam a2200241 4500 | ||
|---|---|---|---|
| 001 | J727 | ||
| 008 | 090401t1992 xxu||||| |||| 00| 0 eng d | ||
| 035 | _a(Sirsi) u76463 | ||
| 041 | _aeng | ||
| 050 | _a693.82 | ||
| 100 | _aPhillips, W.G.B. | ||
| 245 | 4 | _aThe development of a fire risk assessment model. | |
| 260 |
_aGarston, Watford _bBuilding Research Establishment _c1992 |
||
| 300 | _a(4)p. ; 30cm. | ||
| 350 | _a0 | ||
| 490 |
_aBRE Information Paper _v8/92 |
||
| 650 | _aBUILT ENVIRONMENT-BUILDING MATERIALS | ||
| 650 | _aFIRE RESEARCH STATION | ||
| 690 | _aBUILT ENVIRONMENT-BUILDING STANDARDS-FIRE REGULATIONS | ||
| 710 | _aBuilding Research Establishment | ||
| 942 | _n0 | ||
| 948 | _c04/03/1997 | ||
| 999 |
_c96182 _d96182 |
||